Programming Problems : Advanced Algorithms /

Na minha lista:
Detalhes bibliográficos
Autor principal: Green, Bradley (autor)
Formato: Livro
Idioma:inglês
Publicado em: EUA? : editorial no identificada, 2013, c2013
Assuntos:
Tags: Adicionar Tag
Sem tags, seja o primeiro a adicionar uma tag!

MARC

LEADER 00000nam^a2200000^a^4500
001 000363697
005 20250521000000.0
009 20260310115555.254
020 |a 978-1484964095 
037 |a Acervo ITESO - Biblioteca 
041 |a ING 
082 |a 005. 1  |b GRE V. 2 
100 |a Green, Bradley  |e (autor) 
240 1 1 |a [Programming Problems: A Primer for the Technical Interview] 
245 1 0 |a Programming Problems :  |b Advanced Algorithms /  |c B. Green. 
264 4 |a EUA? :  |b editorial no identificada,  |c 2013, c2013 
300 |a XVI, 182 p. 
336 |a texto  |b txt  |2 rdacontenido 
337 |a sin mediación  |b n  |2 rdamedio 
338 |a volumen  |b nc  |2 rdasoporte 
521 |a 2016 BO Licenciatura en Ingeniería en Sistemas Computacionales 
649 |a XX 
650 |a Estructura de Datos 
650 |a Algoritmos 
650 |a Programación (Software) -  |x Tema Principal 
650 |a Desarrollo de Sistemas 
650 |a Ingeniería de Software 
650 |a Ingeniería Computacional 
910 |a Fondo General 
920 |a Impresos - Libros 
930 |a Colección General 
905 |a 101 
901 |a 0500257044  |b IT1  |c ACC  |i C148313  |u 20250521 
901 |a 0500257047  |b IT1  |c ACC  |i C148314  |u 20250521 
902 |a https://opac.biblio.iteso.mx/vufind/Record/000363697